Normal view
MARC view
Entry Personal Name
001 - CONTROL NUMBER
- control field: 81508
003 - CONTROL NUMBER IDENTIFIER
- control field: dpl
005 - DATE AND TIME OF LATEST TRANSACTION
- control field: 20250602121547.0
008 - FIXED-LENGTH DATA ELEMENTS
- fixed length control field: 250602|| aca||aabn | a|a d
040 ## - CATALOGING SOURCE
- Original cataloging agency: dpl
- Transcribing agency: dpl
100 ## - HEADING--PERSONAL NAME
- Personal name: Striesend, Jamie
670 ## - SOURCE DATA FOUND
- Source citation: Work cat.: (dpl)211486: Striesend, Jamie , Illustrated Dictionary of Sports/, 2013
